|
|
|
|
| LEADER |
00000nam0a2200000 4500 |
| 001 |
41787 |
| 005 |
20231101210715.0 |
| 010 |
|
|
|a 5318007783
|
| 035 |
|
|
|a (RuTPU)RU\TPU\book\42919
|
| 090 |
|
|
|a 41787
|
| 100 |
|
|
|a 20020703d2002 m y0rusy50 ca
|
| 101 |
0 |
|
|a rus
|
| 102 |
|
|
|a RU
|
| 105 |
|
|
|a a j 000zy
|
| 200 |
1 |
|
|a Микроэкономика
|e Тесты. Задачи. Решения
|f Б. В. Корнейчук, Л. Г. Симкина
|
| 210 |
|
|
|a СПб.
|c Питер
|d 2002
|
| 215 |
|
|
|a 224 с.
|c ил.
|
| 225 |
1 |
|
|a Учебные пособия
|
| 606 |
1 |
|
|a Микроэкономика
|2 stltpush
|3 (RuTPU)RU\TPU\subj\36419
|9 57809
|
| 610 |
1 |
|
|a экономика
|
| 610 |
1 |
|
|a микроэкономика
|
| 610 |
1 |
|
|a тесты
|
| 610 |
1 |
|
|a задачи
|
| 610 |
1 |
|
|a решения
|
| 610 |
1 |
|
|a издержки
|
| 610 |
1 |
|
|a фирмы
|
| 610 |
1 |
|
|a равновесие
|
| 610 |
1 |
|
|a производство
|
| 610 |
1 |
|
|a рынки
|
| 610 |
1 |
|
|a учебные пособия
|
| 686 |
|
|
|a У012.1я73
|v LBC/SL-A
|2 rubbk
|
| 700 |
|
1 |
|a Корнейчук
|b Б. В.
|g Борис Васильевич
|
| 701 |
|
1 |
|a Симкина
|b Л. Г.
|g Людмила Георгиевна
|
| 801 |
|
1 |
|a RU
|b 63413507
|c 20020703
|g PSBO
|
| 801 |
|
2 |
|a RU
|b 63413507
|c 20170614
|g PSBO
|
| 942 |
|
|
|c BK
|